000 01442nam a22002657a 4500
003 DO-SdBNP
005 20210923095524.0
007 ta
008 210920e2018 dr a|||gr|||| 001 edspa d
020 _a9789945912289
040 _aDO-SdBNP
_bspa
_cBNPHU
082 4 _bR173a
_222
100 1 _978006
_aRamírez, David,
_d1975-
245 1 3 _aEl arte de predicar un buen mensaje:
_bhomilética /
_cDavid Ramírez; Julio Morales, pról.
246 3 6 _aHomilética
260 _aSanto Domingo :
_bPublicaciones Libertad,
_c2018
300 _a155 p.;
_c21 cm
500 _aIncluye biografía del autor en la contracubierta.
500 _aManual didáctico para evangelistas y predicadores vol. I
504 0 0 _aBibliografía, p. 148- 152
505 0 _aDedicatoria.-- Introducción.-- Agradecimiento.-- Sobre el autor.-- Prólogo.
_tI. Homilética.-- II. El Sermón.-- III. Estructuración del Sermón.-- IV. Primer Momento: La preparación previa.-- V. Segundo momento: Conociendo el terreno.-- VI. Tercer momento: Elaboración del plano.-- VII. Cuarto momento: Consturccion de la zapata.-- VIII. Quinto momento: Construcción de las columnas.-- IX. Sexto momento: Cosntrucción de las paredes.-- X. Séptimo momento: Cosntrucción del techo.--XI. Herramientas útiles para el sermón.-- XII. Octavo momento: La predicación del mensaje.
590 _aInventariado 2021 / MF
700 1 2 _aMorales, Julio,
_epról.
_979964
942 _2ddc
_cLBS1
999 _c50588
_d50588